000 00293nam a22001337a 4500
008 170412b xxu||||| |||| 00| 0 eng d
020 _a9780721613161
041 _aeng
080 _a618
100 _a10
101 _aSHM
245 _aOBSTERICS AND GYNECOLOGY
_cCHIN.H.G
942 _2udc
_cBK
999 _c10549
_d10549